Geography Quiz

Random Geography or State Quiz

'M'-Less States Quiz Stats

 Plays Quiz Updated Jun 26, 2019

Score 0/36 Timer 03:00
7 Plays Today
State % Correct
California
95.8%
Florida
94.4%
New York
93.8%
Texas
93%
North Dakota
91.4%
Washington
91.4%
South Dakota
91.1%
North Carolina
90%
South Carolina
89.5%
Georgia
89.3%
Ohio
88.6%
Oregon
88.6%
Alaska
88%
Arizona
86.3%
Virginia
86.2%
Hawaii
86%
Idaho
85.3%
Kansas
85.1%
State % Correct
Illinois
84.7%
Arkansas
83.7%
Colorado
83.6%
New Jersey
83.5%
Iowa
83.1%
West Virginia
82.5%
Utah
82.4%
Kentucky
82.1%
Tennessee
81.8%
Louisiana
80.8%
Nevada
80.4%
Rhode Island
80.3%
Pennsylvania
80.1%
Indiana
79.9%
Delaware
79.2%
Connecticut
78.1%
Nebraska
75.2%
Wisconsin
74%

You're not logged in!

Compare scores with friends on all Sporcle quizzes.
OR
Log In

Sporcle TV

Today on Sporcle TV


Watch our educational content, quiz creation guides, and fun videos on Sporcle TV.

Show Comments

Extras

Top Quizzes Today


Score Distribution

Your Account Isn't Verified!

In order to create a playlist on Sporcle, you need to verify the email address you used during registration. Go to your Sporcle Settings to finish the process.

Report this User

Report this user for behavior that violates our Community Guidelines.

Details: